000 00853nam a2200277Ia 4500
001 Para_1729
003 CHAP
008 220125s1993 xx 000 0 und d
010 _a200347
040 _cCHAP
082 _aPA 633.6106 S5
111 _aSimposio Nacional la Capacitación y Desarrollo Tecnológico en el Campo Cañero Mexicano (1:1993:Xalapa, Ver.)
_9165225
245 _aMemoria /
_c por Gobierno del Estado
260 _aXalapa, Ver. :
_b Gobierno del Estado
300 _a2 v.
650 _aCaña de azúcar
_x congresos
_918590
650 _aCaña de azúcar
_x México
_9165226
650 7 _aIndustria azucarera
_zMéxico
_2
_957791
901 _aPA 633.6106 S5
902 _aA
905 _a0000001993 0000000000 00
910 _a1993
942 _cPARA
942 _cPARA
_d1
999 _c200347
_d200347